000
00255nam a2200109Ia 4500
008
190913s9999||||xx |||||||||||||| ||und||
100
_a
Herbert Schildt
245
4
_a
The Complete Reference Java 3
260
_a
usa
_b
BPB
_c
2009
300
_a
192
942
_c
BK
999
_c
7945
_d
7945